Aquatic biology and hydroelectric power development in New Zealand /

Bibliographic Details
Other Authors: Henriques, P. R.
Format: Book
Language:English
Published: Auckland, New Zealand ; New York : Oxford University Press, 1987.
Subjects:

MARC

Tag First Indicator Second Indicator Subfields
LEADER 00000cam a2200000 a 4500
001 in00000598721
005 20151014091741.0
008 870909s1987 nz ab b 00100 eng d
020 |a 0195581458 
035 |a (OCoLC)16660738 
035 |9 ACQ8427AM 
040 |a AZU  |c AZU  |d TXA  |d UtOrBLW 
043 |a u-nz--- 
049 |a TXAM  |c [A09427230] 
090 |a TK1522.5  |b .A78 1987 
245 0 0 |a Aquatic biology and hydroelectric power development in New Zealand /  |c edited by P.R. Henriques. 
264 1 |a Auckland, New Zealand ;  |a New York :  |b Oxford University Press,  |c 1987. 
300 |a 280 pages :  |b illustrations, maps ;  |c 25 cm. 
336 |a text  |b txt  |2 rdacontent 
337 |a unmediated  |b n  |2 rdamedia 
338 |a volume  |b nc  |2 rdacarrier 
500 |a Maps on lining papers. 
504 |a Includes bibliographies and index. 
650 0 |a Hydroelectric power plants  |z New Zealand. 
650 0 |a Aquatic biology  |z New Zealand. 
650 0 |a Aquatic ecology  |z New Zealand. 
650 0 |a Power-plants  |x Environmental aspects  |z New Zealand. 
700 1 |a Henriques, P. R. 
999 |a MARS 
999 f f |s 8977f188-ee36-307d-9e30-e003215e853f  |i d4e6b437-3a20-3efc-a098-724e509a703d  |t 0 
952 f f |p ric  |a Texas A&M University  |b Rellis Campus  |c Joint Library Facility  |d Remote Storage  |t 0  |e TK1522.5 .A78 1987  |h Library of Congress classification  |i unmediated -- volume  |m A14809427230 
998 f f |a TK1522.5 .A78 1987  |t 0  |l Remote Storage